Normal view
MARC view
- Brooks, J. R. V Whitten, D. G. A
Entry Personal Name
001 - CONTROL NUMBER
- control field: 75075
003 - CONTROL NUMBER IDENTIFIER
- control field: NUST
005 - DATE AND TIME OF LATEST TRANSACTION
- control field: 20210628205340.0
008 - FIXED-LENGTH DATA ELEMENTS
- fixed length control field: 210628|| aca||aabn | a|a d
040 ## - CATALOGING SOURCE
- Original cataloging agency: NUST
- Transcribing agency: NUST
100 ## - HEADING--PERSONAL NAME
- Personal name: Brooks, J. R. V Whitten, D. G. A
670 ## - SOURCE DATA FOUND
- Source citation: Work cat.: (NUST): Brooks, J. R. V Whitten, D. G. A, The penguin dictionary of geology , 1987
